000 00590nam a2200193Ia 4500
005 20260415160333.0
008 008 250505s9999 xx 000 0 eng d
037 _aTextual
040 _aFEDL
_beng
_cFEDL
041 _aeng
_2eng
084 _a612.1 LEV
_qFEDL
100 _aLevine Milton I
_9755731
245 0 _aWonder of life: How we are born and how we grow up
260 _aLondon, UK
_bGeorge Routledge and Sons Limited
_c1946
300 _aix,116p.
700 _a Seligmann Jean H
_9756097
942 _cTEXL
_h612.1 LEV
999 _c1321813
_d1321813